000 01363nab a2200241 i 4500
001 768714001
003 CO-MdFUSB
005 20230508100636.0
008 230508s1993 us ||||| |||| 00| 0 eng d
040 _bspa
_aCO-MdFUSB
_cCO-MdFUSB
_dCO-MdFUSB
041 _aeng
100 _aBlackaby, Henry.
_eautor
245 1 _aDiagnosing your heart condition
_b: what are the vital signs of spiritual fitness?
_c/ un foro de LEADERSHIP con Henry Blackaby, Danny Morris, David Rockness, y Rubel Shelly
300 _aVolumen 14, número 4 (Fall 1993), páginas 16 - 24
_c; 27 cm.
520 _aSi le preguntas a un pastor cómo está su espiritualidad, usualmente enfatiza mucho más en sus deficiencias. ¿cómo podemos evaluar con precisión nuestros signos vitales espirituales? ¿Cómo se puede tener una vida espiritualmente apta? Para responder a estas preguntas LIDERSHIP charla con cuatro líderes que conocen los riesgos del ministerio interpersonal pero que también han abordado la necesidad de alimentar sus almas.
546 _aTexto en Inglés
650 0 _951
_aVida espiritual
700 _aMorris, Danny
_eautor
700 _aRockness, David
_eautor
700 _aShelly, Rubel
_eautor
773 0 _068780
_981953
_oR2466
_tLeadership :
_w(CO-MdFUSB)768714001
_gVolumen 14, número 4 (Fall 1993), páginas 16 - 24
_qpágina 16
942 _cANA
999 _c68863
_d68863